Konzervatórium v Košiciach v rokoch 1951-1986

Bibliographic Details
Main Author: Potemrová, Mária, 1922-2015 (Author)
Format: Article
Language:Slovak
PhysicalDescription:Res. rus., nem., lit. 14 zázn. v slov.
Subjects:

MARC

LEADER 00000nab a2200000 a 4500
001 vtls000351281
003 SK-MaSNL
005 20260303043144.0
008 160204c1988 xo 0 slo
015 |a SNBRB19rr/mm-uuuuu 
035 |a CL0351403 
040 |a SNKBUCL  |b slo  |c SNKBUCL  |e AACR2 
041 0 |a slo 
044 |a xo  |c SK 
080 |a 377.5  |2 1981 
080 |a 943.76  |2 1981 
100 1 |a Potemrová, Mária,  |d 1922-2015  |4 aut  |9 185294 
245 1 0 |a Konzervatórium v Košiciach v rokoch 1951-1986  |c Mária Potemrová 
300 |b Res. rus., nem., lit. 14 zázn. v slov. 
610 2 7 |a Konzervatórium (Košice, Slovensko)  |2 snkbucl  |9 29661 
651 7 |a 5403  |2 snkbucl  |9 893808 
655 7 |a články z novín a časopisov  |2 snkbucl  |9 267496 
773 0 |t Historica carpatica  |g Roč. 19 (1988), s. 161-175 
850 |a Slovenská národná knižnica v Martine  |a MTA001 
852 |a SNK  |b KIS3GCP 
958 |a NB 
958 |a RK 
992 |a RBX 
999 |c 1695685  |d 1697615